Vista normal
Vista MARC
Psicología Técnica Pedagógica (Registro nro. 931)
[ vista simple ]
| 000 -Cabecera (24) | |
|---|---|
| Campo de control interno | 01292nam a22002657a 4500 |
| 005 - Fecha y hora de la | |
| Campo de control | 20190814115606.0 |
| 008 - Códigos de longitud fija (40p) | |
| Campo de control de longitud fija | 170508b mx||||| |||| 00| 0 spa d |
| 020 ## - INTERNATIONAL STANDARD BOOK NUMBER | |
| ISBN | 9682448050 |
| 040 ## - Origen de la Catalogacion | |
| Centro catalogador/agencia de origen | UTEA |
| 041 ## - Código de idioma (R) | |
| Código de lengua del texto/banda sonora o título independiente (R) | Es |
| 044 ## - COUNTRY OF PUBLISHING/PRODUCING ENTITY CODE | |
| MARC country code | ME |
| 082 ## - Número de la Clasificación | |
| Número de la Clasificación | 370.15 |
| Notación Interna | R74 |
| 100 ## - Autor Personal | |
| Autor Personal | Rodriguez Rivera, Victor Matias |
| Término indicativo de función (R) | Autor |
| 245 ## - Titulo | |
| Titulo | Psicología Técnica Pedagógica |
| Subtitulo | Teoría y Práctica |
| Mención del autor | Victor Matías Rodriguez Rivera |
| 250 ## - Mencion de edicion | |
| Mencion de edicion | 1a edición |
| 260 ## - Editorial | |
| Ciudad | México - México |
| Nombre de la Editorial | Trillas |
| Fecha | 1994 |
| 300 ## - Descripcion | |
| Páginas | 373 páginas. |
| Otros detalles físicos | Tablas, Figuras |
| Dimensiones | 15 x 23 cm. |
| 505 ## - Nota de contenido formateada | |
| Nota de contenido formateada Índice del Libro] | Origen, concepto, fundamentos y tareas de la psicotécnica -- Procedimientos psicotécnicos empleados en el estudio de la personalidad del educando -- La inteligencia, conceptos y medición -- Técnicas de medición y evolución del rendimiento escolar -- Sistemas y procedimientos de la evaluación. |
| 520 ## - Resumen | |
| Resumen | este libro trata de la psicotécnica pedagógica moderna que se propone como objetivo fundamental el conocimiento de los escolares, conciderando como principio básico la existencia de las diferencias |
| 650 #0 - Temas - Descriptores | |
| Temas - Descriptores | PSICOTÉCNICA |
| 9 (RLIN) | 3411 |
| 650 #0 - Temas - Descriptores | |
| Temas - Descriptores | PEDAGÓGICA |
| 9 (RLIN) | 5727 |
| 650 #0 - Temas - Descriptores | |
| Temas - Descriptores | FUNDAMENTOS |
| 653 ## - Palabras Claves | |
| Palabras Claves | EDUCACIÓN |
| -- | PSICOTÉCNICA |
| -- | PEDAGÓGICA |
| -- | TEORÍA |
| 942 ## - Datos personalizados Koha | |
| Esquema de Clasificacion | Dewey Decimal Classification |
| Tipo de Documento | Libros |
| Catalogador | |
| Estado de retiro | Estado de pérdida | Fuente de Clasificacion | Estado | No para préstamo | Escuela Profesional/ Mención de Maestría | Localización permanente | Ubicación/localización actual | Ubicación en estantería | Fuente de adquisición | Número de inventario | Precio dolares | Signatura topográfica completa | Código de barras | Precio válido a partir de | Tipo de ítem Koha |
|---|---|---|---|---|---|---|---|---|---|---|---|---|---|---|---|
| Dewey Decimal Classification | E.P. Educación | Biblioteca Abancay UTEA | Biblioteca Abancay UTEA | Área de Letras y Humanidades (primer Piso) | Compra | 01859 | 05/08/2017 | 370.15 R74 1994 | BABA17050065 | 05/08/2017 | Libros |